Belly laughs from Bikini Bottom. (Record no. 112502)
[ view plain ]
| 000 -LEADER | |
|---|---|
| fixed length control field | 00503nam a2200205 a 4500 |
| 001 - CONTROL NUMBER | |
| control field | 0085 |
| 005 - DATE AND TIME OF LATEST TRANSACTION | |
| control field | 20140414131938.0 |
| 008 - FIXED-LENGTH DATA ELEMENTS--GENERAL INFORMATION | |
| fixed length control field | 040728s19uu xx 00 eng d |
| 020 ## - INTERNATIONAL STANDARD BOOK NUMBER | |
| International Standard Book Number | |
| 050 ## - LIBRARY OF CONGRESS CALL NUMBER | |
| Classification number | M 808.7 |
| Item number | K79 2003 |
| 100 ## - MAIN ENTRY--PERSONAL NAME | |
| Personal name | Kowitt, Holly |
| 245 ## - TITLE STATEMENT | |
| Title | Belly laughs from Bikini Bottom. |
| 260 ## - PUBLICATION, DISTRIBUTION, ETC. (IMPRINT) | |
| Place of publication, distribution, etc | New York : |
| Name of publisher, distributor, etc | Scholastic , |
| Date of publication, distribution, etc | 2003. |
| 300 ## - PHYSICAL DESCRIPTION | |
| Extent | 1 v. : ill. ; cm. |
| 650 ## - SUBJECT ADDED ENTRY--TOPICAL TERM | |
| Topical term or geographic name as entry element | Jokes |
| General subdivision | |
| 650 ## - SUBJECT ADDED ENTRY--TOPICAL TERM | |
| Topical term or geographic name as entry element | |
| General subdivision | |
| 650 ## - SUBJECT ADDED ENTRY--TOPICAL TERM | |
| Topical term or geographic name as entry element | Riddles, Juvenile. |
| 650 ## - SUBJECT ADDED ENTRY--TOPICAL TERM | |
| Topical term or geographic name as entry element | Wit and humor. |
| Withdrawn status | Lost status | Damaged status | Home library | Current library | Shelving location | Date acquired | Total Checkouts | Full call number | Barcode | Date last seen | Price effective from | Koha item type |
|---|---|---|---|---|---|---|---|---|---|---|---|---|
| Munich Library | Munich Library | Main Section | 01/25/2011 | M 808.7 K79 2003 | M3819 | 04/14/2014 | 04/14/2014 | Books |